000 00396cam a22001337a 4500
008 180718b1986 xxu||||| |||| 00| 0 eng d
082 _aR A2x54 Si64/86
245 _aIndian books in print, 1986
_cedited by Sher Singh
260 _aDelhi
_bIndian Bibliographies
_c1986
300 _a3v.
500 _av.1.959p.; v.2.912p.; v.3.768p.
650 _aIndia - Bibliography
700 _aSingh, Sher, ed.
999 _c353502
_d353502